[Event "Vignola Weekend-A 9th"]
[Site "Vignola"]
[Date "2010.11.14"]
[Round "5"]
[White "Petrescu, Eduard"]
[Black "Orlandi, Francesco"]
[Result "1-0"]
[WhiteElo "1572"]
[BlackElo "1392"]
[PlyCount "45"]
[EventDate "2010.11.12"]
[EventType "swiss"]
[EventRounds "5"]
[EventCountry "ITA"]
[SourceTitle "EXT 2024"]
[Source "ChessBase"]
[SourceDate "2023.10.10"]
[SourceVersion "1"]
[SourceVersionDate "2023.10.10"]
[SourceQuality "1"]

1. d4 e6 2. e3 d5 3. Nf3 Nd7 4. Nbd2 c5 5. c3 Ngf6 6. Bd3 b6 7. b3 Be7 8. Qc2 h6 9. 0-0 Qc7 10. h3 Bd6 11. e4 Bb7 12. e5 Bxe5 13. dxe5 Nxe5 14. Nxe5 Qxe5 15. Nf3 Qd6 16. Rd1 0-0 17. Be3 Rfe8 18. c4 d4 19. Qe2 dxe3 20. Bh7+ Nxh7 21. Rxd6 Rad8 22. Rxd8 Rxd8 23. Qxe3 1-0

[Event "Vignola Weekend-A 9th"]
[Site "Vignola"]
[Date "2010.11.13"]
[Round "3"]
[White "Pomante, Sergio"]
[Black "Petrescu, Eduard"]
[Result "1-0"]
[WhiteElo "1639"]
[BlackElo "1572"]
[PlyCount "49"]
[EventDate "2010.11.12"]
[EventType "swiss"]
[EventRounds "5"]
[EventCountry "ITA"]
[SourceTitle "EXT 2024"]
[Source "ChessBase"]
[SourceDate "2023.10.10"]
[SourceVersion "1"]
[SourceVersionDate "2023.10.10"]
[SourceQuality "1"]

1. e4 d6 2. d4 Nf6 3. Nc3 c6 4. f4 e6 5. Nf3 Be7 6. Be3 0-0 7. h3 Qa5 8. Bd3 b5 9. Bd2 Qc7 10. Qe2 a5 11. a3 Nbd7 12. g4 Ba6 13. b4 axb4 14. axb4 Bb7 15. Rb1 Nb6 16. g5 Nfd7 17. 0-0 Rfe8 18. h4 e5 19. f5 exd4 20. Nxd4 d5 21. Qg2 dxe4 22. Bxe4 Bxb4 23. Rxb4 c5 24. Ndxb5 Bxe4 25. Rxe4 1-0